000 00209 a2200097 4500
001 9033
100 _aCanning, J
245 _aOne act plays of today 3rd series
260 _a
_bHarrap
_c
090 _c7217
_d7217
942 _aNUST-CAE
_cM
_c33842
999 _c244106
_d244106